Sports Quiz

Random Sports or NBA Quiz

NBA Players With 20,000 Points Quiz Stats

 Plays Quiz not verified by Sporcle

Score 0/40 Timer 10:00
0 Plays Today
Team(s) Player % Correct
Chicago Bulls & Washington Wizards^Michael Jordan
99.4%
Los Angeles Lakers & Milwaukee Bucks^Kareem Abdul Jabbar
98.3%
Utah Jazz & Los Angeles Lakers^Karl Malone
97.7%
Utah Stars & Spirits of St. Louis & Buffalo Braves & Houston Rockets & Philadelphia 76ers & Washington Bullets & Atlanta Hawks & MIlwaukee Bucks & San Antonio Spurs^Moses Malone
97.7%
Orlando Magic, Miami Heat, Los Angeles Lakers, Boston Celtics, Cleveland Cavaliers, Phoenix Suns*Shaquille O'Neal
96%
Philadelphia 76ers & Los Angeles Lakers^Wilt Chamberlain
94.8%
Los Angeles Lakers*Kobe Bryant
92.5%
Philadelphia 76ers & Denver Nuggets & Detroit Pistons & Memphis Grizzlies*Allen Iverson
90.2%
Houston Rockets & Toronto Raptors^Hakeem Olajuwon
89.1%
Boston Celtics^Larry Bird
89.1%
San Antonio Spurs^David Robinson
87.4%
San Antonio Spurs*Tim Duncan
86.8%
Boston Celtics*Paul Pierce
86.8%
Minnesota Timberwolves & Boston Celtics*Kevin Garnett
86.2%
Los Angeles Lakers^Jerry West
84.5%
New York Knicks & Seattle Supersonics & Orlando Magic^Patrick Ewing
84.5%
Milwaukee Bucks & Seattle Supersonics & Boston Celtics*Ray Allen
83.3%
Virginia Squires & New York Nets & Philadelphia 76ers^Julius Erving
83.3%
Indiana PacersReggie Miller
83.3%
Philadelphia 76ers & Phoenix Suns & Houston Rockets^Charles Barkley
82.2%
Team(s) Player % Correct
Portland Trail Blazers & Houston Rockets^Clyde Drexler
81.6%
Dallas Mavericks*Dirk Nowitzki
80.5%
Cincinnati Royals & Milwaukee Bucks^Oscar Robertson
79.9%
Boston Celtics^John Havlicek
74.1%
Seattle Supersonics & Milwaukee Bucks & Los Angeles Lakers & Boston Celtics & Miami HeatGary Payton
73.6%
Milwaukee Bucks & Indiana Pacers & Denver Nuggets & Dallas Mavericks^Alex English
73%
Atlanta Hawks & Los Angeles Clippers & Boston Celtics & San Antonio Spurs & Orlando Magic^Dominique Wilkins
72.4%
Milwaukee Bucks & Los Angeles Lakers^Elgin Baylor
71.8%
Spirits of St. Louis & San Antonio Spurs & Chicago Bulls^George Gervin
70.7%
MIlwaukee & St. Louis Hawks^Bob Pettit
64.9%
Golden State Warriors & Boston Celtics & Charlotte Hornets & Chicago Bulls^Robert Parish
63.8%
Houston Rockets & Washington Bullets^Elvin Hayes
63.2%
Buffalo Braves & Indiana Pacers & Los Angeles Lakers & Utah Jazz & Detroit Pistons & Dallas Mavericks & Milwaukee Bucks^Adrian Dantley
54.6%
San Francisco Warriors & Oakland Oaks & Washington Capitols & New York Nets & Golden State Warriors & Houston Rockets^Rick Barry
54.6%
Syracuse Nationals & Philadelphia 76ers^Hal Greer
39.1%
Golden State Warriors & Sacramento Kings & Washington Wizards & Los Angeles LakersMitch Richmond
34.5%
Kentucky Colonels & Denver Nuggets^Dan Issel
33.9%
Kentucky Colonels & Chicago Bulls & San Antonio Spurs & Boston CelticsArtis Gilmore
27.6%
San Diego Clippers & Seattle Supersonics & Phoenix Suns & Utah Jazz & Charlotte Hornets & Philadelphia 76ersTom Chambers
27%
Chicago Packers & Chicago Zephyrs & Baltimore Bullets & New York Knicks & Detroit Pistons & Atlanta Hawks & Utah Jazz^Walt Bellamy
25.3%

You're not logged in!

Compare scores with friends on all Sporcle quizzes.
OR
Log In

Show Comments

Extras

Top Quizzes Today


Score Distribution

Your Account Isn't Verified!

In order to create a playlist on Sporcle, you need to verify the email address you used during registration. Go to your Sporcle Settings to finish the process.

Report this User

Report this user for behavior that violates our Community Guidelines.

Details: